01308pab a2200145 454500008004000000100001700040245004000057260000900097300001500106362000800121520095600129650001801085650002101103773003801124180718b2005 xxu||||| |||| 00| 0 eng d aBerard, T.J. aRethinking practices and structures c2005 ap.196-230. aJun aSocial theory remains puzzled by the relation between practices and structures, or the link between `micro' and `macro', Grand theorists including Giddens and Bourdieu have gained distinction for their writings on these questions, trying to marry insights and concerns of a `micro' sociological nature with traditional `macro' structural questions including inequality, power relations, and social reproduction. These theorists arguably fail, however, in their attempts to more social theory beyond traditional dualisms. Relevant but neglected contributions from ethnomethodology are introduced and compared to the work of Giddens and Bourdieu in an attempt to identify and outline an approach to practices and structures that more reliably avoids problems of dualism and reification, and at the same time offers an understanding of structures and their relations to practices that can be much more closely grounded in empirical studies. - Reproduced. aSocial theory aSocial structure aPhilosophy of the Social Sciences